000 00699nam a2200241 i 4500
001 12578
003 ES-MaACL
005 20230906150341.0
007 t|
008 960816s1996 sp ||||0| spa j
020 _a84-368-0948-3
040 _aM-BN
_bspa
_cM-BN
080 _a159.9(091)
100 1 _aCarpintero, Helio (
_d1939-)
_9172420
245 1 0 _aHistoria de las ideas psicológicas /
_cHelio Carpintero.
260 _aMadrid :
_bPirámide,
_c[1996]
300 _a486 p ;
_c23 cm.
490 1 _aColección "Psicología"
650 1 4 _aPsicología-
_vHistoria.
_916547
830 0 _aColección "Psicología"
_9179967
852 _aES-MaACL
_jL-19884
_bR.126089
999 _c12578
_d12578